000 00762cac a2200241 a 4500
003 CO-PeBPM
005 20250916175823.0
007 ta
008 231129s1971||||ck ||||||||||||| ||spa||
040 _aCO-PeBPM
_bspa
_cCO-PeBPM
_erda
041 _aspa
082 0 4 _a155.5 B656p
_222
100 1 _aBlos, Peter
_eautor
245 1 0 _aPsicoanálisis de la adolescencia
_c/ Peter Blos; traducción Ramón Parres y Rosa Witemberg
260 _aMéxico
_b: Joaquín Mortiz
_c, 1971
300 _a366 páginas
_c19 centímetros
500 _aIncluye índice al final del texto
650 1 4 _aPsicoanálisis
_2LEMB
650 1 4 _aPsicología del adolescente
_2LEMB
700 1 _aParres, Ramón
_etraducción
700 1 _aWitemberg. Rosa
_etraducción
942 _2ddc
_cBK
999 _c23435
_d23435